[Event "MP do lat 18 - dziewczeta"]
[Site "Sypniewo"]
[Date "2022.03.21"]
[Round "3.5"]
[White "Czarnecka, Lidia"]
[Black "Anyz, Monika"]
[Result "1-0"]
[BlackElo "1651"]
[WhiteElo "1978"]
[LiveChessVersion "1.4.8"]

1. e4 {[%clk 1:30:48]} e5 {[%clk 1:30:56]} 2. Nf3 {[%clk 1:30:19]} Nf6
{[%clk 1:31:19]} 3. Nxe5 {[%clk 1:27:08]} d6 {[%clk 1:31:33]} 4. Nf3
{[%clk 1:25:04]} Nxe4 {[%clk 1:31:39]} 5. d4 {[%clk 1:22:42]} d5 {[%clk 1:31:43]}
6. Bd3 {[%clk 1:22:55]} Bd6 {[%clk 1:32:03]} 7. O-O {[%clk 1:22:48]} O-O
{[%clk 1:32:25]} 8. c4 {[%clk 1:21:55]} c6 {[%clk 1:32:18]} 9. Nc3
{[%clk 1:20:38]} Nxc3 {[%clk 1:32:08]} 10. bxc3 {[%clk 1:20:58]} dxc4
{[%clk 1:32:11]} 11. Bxc4 {[%clk 1:21:14]} Bg4 {[%clk 1:31:09]} 12. h3
{[%clk 1:16:23]} Bh5 {[%clk 1:30:02]} 13. Rb1 {[%clk 1:13:32]} Nd7
{[%clk 1:28:34]} 14. Be2 {[%clk 1:08:31]} Re8 {[%clk 1:24:43]} 15. Qc2
{[%clk 1:06:51]} Qc7 {[%clk 1:17:36]} 16. Ng5 {[%clk 0:52:55]} Bg6
{[%clk 1:13:52]} 17. Bd3 {[%clk 0:53:15]} Bxd3 {[%clk 1:13:57]} 18. Qxd3
{[%clk 0:53:37]} Nf6 {[%clk 1:14:09]} 19. c4 {[%clk 0:51:45]} b6 {[%clk 1:09:26]}
20. Bb2 {[%clk 0:49:27]} Rad8 {[%clk 1:04:19]} 21. Rfe1 {[%clk 0:44:12]} h6
{[%clk 0:58:01]} 22. Nf3 {[%clk 0:40:42]} Nh5 {[%clk 0:50:58]} 23. Re4
{[%clk 0:30:46]} Nf6 {[%clk 0:40:59]} 24. Ree1 {[%clk 0:30:48]} Nh5
{[%clk 0:40:12]} 25. Qc2 {[%clk 0:24:53]} Bb4 {[%clk 0:27:57]} 26. Re5
{[%clk 0:23:56]} Nf6 {[%clk 0:19:22]} 27. Rxe8+ {[%clk 0:16:24]} Rxe8
{[%clk 0:19:24]} 28. Ne5 {[%clk 0:16:04]} Nd7 {[%clk 0:14:52]} 29. Qf5
{[%clk 0:14:27]} Nxe5 {[%clk 0:13:57]} 30. dxe5 {[%clk 0:14:56]} Rd8
{[%clk 0:09:58]} 31. e6 {[%clk 0:13:48]} fxe6 {[%clk 0:04:01]} 32. Qxe6+
{[%clk 0:14:16]} Qf7 {[%clk 0:04:22]} 33. Qxf7+ {[%clk 0:13:59]} Kxf7
{[%clk 0:04:45]} 34. Bxg7 {[%clk 0:14:09]} Kxg7 {[%clk 0:02:59]} 35. Rxb4
{[%clk 0:14:35]} Rd1+ {[%clk 0:02:24]} 36. Kh2 {[%clk 0:15:04]} c5 37. Ra4
{[%clk 0:12:02]} a5 {[%clk 0:02:28]} 38. Ra3 {[%clk 0:12:13]} Rb1
{[%clk 0:02:36]} 39. Kg3 {[%clk 0:11:12]} Rb4 {[%clk 0:02:45]} 40. Rc3
{[%clk 0:41:01]} Kf6 {[%clk 0:30:27]} 41. Kf3 {[%clk 0:40:57]} a4 42. Ke3
{[%clk 0:33:15]} Rb2 {[%clk 0:29:29]} 43. a3 {[%clk 0:27:46]} Ke5
{[%clk 0:27:58]} 44. f4+ {[%clk 0:27:06]} Kf5 {[%clk 0:27:45]} 45. g4+
{[%clk 0:27:30]} Ke6 {[%clk 0:26:56]} 46. Ke4 {[%clk 0:26:30]} Re2+
{[%clk 0:22:22]} 47. Re3 {[%clk 0:25:41]} Rd2 {[%clk 0:21:46]} 48. f5+
{[%clk 0:19:17]} Kf6 {[%clk 0:18:43]} 49. Rd3 {[%clk 0:19:30]} Re2+
{[%clk 0:12:41]} 50. Kd5 {[%clk 0:19:14]} Rb2 {[%clk 0:09:26]} 51. Re3
{[%clk 0:15:53]} Rb3 {[%clk 0:07:27]} 52. Ke4 {[%clk 0:16:08]} Rb1
{[%clk 0:06:07]} 53. h4 {[%clk 0:13:38]} Rh1 {[%clk 0:05:20]} 54. Kf4
{[%clk 0:14:02]} Rf1+ {[%clk 0:05:06]} 55. Rf3 {[%clk 0:14:04]} Rg1
{[%clk 0:05:09]} 56. Rf2 {[%clk 0:14:06]} Rc1 {[%clk 0:02:09]} 57. g5+
{[%clk 0:14:33]} hxg5+ {[%clk 0:02:22]} 58. hxg5+ {[%clk 0:14:55]} Ke7
{[%clk 0:02:19]} 59. Ke5 {[%clk 0:14:13]} Rxc4 {[%clk 0:00:54]} 60. g6
{[%clk 0:14:36]} Rg4 {[%clk 0:00:59]} 61. f6+ {[%clk 0:14:58]} Kf8
{[%clk 0:01:07]} 62. Kf5 {[%clk 0:15:08]} Rg1 {[%clk 0:01:08]} 63. Rh2
{[%clk 0:13:51]} Ke8 {[%clk 0:00:45]} 64. f7+ {[%clk 0:14:02]} Ke7
{[%clk 0:00:47]} 65. Re2+ {[%clk 0:14:28]} Kd6 {[%clk 0:00:53]} 66. f8=Q+
{[%clk 0:14:51]} 1-0

[Event "MP do lat 18 - dziewczeta"]
[Site "Sypniewo"]
[Date "2022.03.21"]
[Round "3.6"]
[White "Goraj, Barbara"]
[Black "Kaznowska, Weronika"]
[Result "1-0"]
[BlackElo "1604"]
[WhiteElo "2078"]
[LiveChessVersion "1.4.8"]

1. e4 {[%clk 1:30:57]} Nc6 {[%clk 1:30:39]} 2. Nf3 {[%clk 1:31:13]} d6
{[%clk 1:31:00]} 3. d4 {[%clk 1:31:34]} Nf6 {[%clk 1:31:21]} 4. Nc3
{[%clk 1:31:43]} g6 {[%clk 1:31:21]} 5. Be3 {[%clk 1:31:50]} Bg7 {[%clk 1:31:12]}
6. Qd2 {[%clk 1:31:29]} Bg4 {[%clk 1:29:42]} 7. d5 {[%clk 1:31:17]} Ne5
{[%clk 1:29:28]} 8. Nd4 {[%clk 1:25:28]} c5 {[%clk 1:24:13]} 9. dxc6
{[%clk 1:16:46]} Nxc6 {[%clk 1:24:33]} 10. f3 {[%clk 1:15:59]} Bd7
{[%clk 1:20:34]} 11. O-O-O {[%clk 1:14:45]} a6 {[%clk 1:16:34]} 12. g4
{[%clk 1:12:24]} h5 {[%clk 1:10:22]} 13. g5 {[%clk 1:08:31]} Nh7 {[%clk 1:09:49]}
14. Be2 {[%clk 0:56:08]} Nf8 {[%clk 1:01:41]} 15. Nd5 {[%clk 0:52:03]} Nxd4
{[%clk 0:54:53]} 16. Bxd4 {[%clk 0:47:21]} Bxd4 {[%clk 0:55:17]} 17. Qxd4
{[%clk 0:47:24]} Rg8 {[%clk 0:55:19]} 18. Nb6 {[%clk 0:36:47]} Ne6
{[%clk 0:54:08]} 19. Qe3 {[%clk 0:36:23]} Rb8 {[%clk 0:51:22]} 20. e5
{[%clk 0:34:21]} Bc6 {[%clk 0:50:28]} 21. exd6 {[%clk 0:31:39]} exd6
{[%clk 0:50:39]} 22. h4 {[%clk 0:30:58]} Kf8 {[%clk 0:47:20]} 23. Rd2
{[%clk 0:25:57]} Qc7 {[%clk 0:42:30]} 24. Rhd1 {[%clk 0:25:48]} Rd8
{[%clk 0:42:25]} 25. Bc4 {[%clk 0:24:49]} Kg7 {[%clk 0:39:39]} 26. Nd5
{[%clk 0:20:10]} Bxd5 {[%clk 0:38:38]} 27. Bxd5 {[%clk 0:20:35]} Rge8
{[%clk 0:38:14]} 28. Bxe6 {[%clk 0:19:03]} Rxe6 {[%clk 0:38:21]} 29. Qd4+
{[%clk 0:18:53]} Kg8 {[%clk 0:38:18]} 30. f4 {[%clk 0:16:47]} Qc6
{[%clk 0:34:00]} 31. Qf2 {[%clk 0:11:55]} f5 {[%clk 0:28:10]} 32. gxf6
{[%clk 0:08:07]} Rxf6 {[%clk 0:28:34]} 33. Qg3 {[%clk 0:07:48]} Kh7
{[%clk 0:25:54]} 34. Qg5 {[%clk 0:06:47]} Kg7 {[%clk 0:19:35]} 35. f5
{[%clk 0:06:21]} Qe8 {[%clk 0:16:06]} 36. fxg6 {[%clk 0:06:13]} Qxg6
{[%clk 0:15:53]} 37. Qd5 {[%clk 0:06:04]} Qf7 {[%clk 0:14:49]} 38. Rg2+
{[%clk 0:05:47]} Kh6 {[%clk 0:09:45]} 39. Rg5 {[%clk 0:03:14]} Qxd5
{[%clk 0:04:54]} 40. Rdxd5 {[%clk 0:33:14]} Rg6 {[%clk 0:34:53]} 41. Rxh5+
{[%clk 0:26:38]} Kg7 {[%clk 0:35:20]} 42. b3 {[%clk 0:25:23]} Rh8
{[%clk 0:31:27]} 43. Rxh8 {[%clk 0:22:30]} Kxh8 {[%clk 0:31:50]} 44. Rd4
{[%clk 0:21:47]} Kg7 {[%clk 0:31:26]} 45. a4 {[%clk 0:19:08]} Kf7
{[%clk 0:30:50]} 46. Rb4 {[%clk 0:19:04]} b5 {[%clk 0:29:42]} 47. axb5
{[%clk 0:19:23]} axb5 {[%clk 0:30:09]} 48. Rxb5 {[%clk 0:19:42]} Rg4
{[%clk 0:30:25]} 49. Rh5 {[%clk 0:15:04]} Ke6 {[%clk 0:29:18]} 50. Kb2
{[%clk 0:14:04]} Kd7 {[%clk 0:28:59]} 51. Rh8 {[%clk 0:13:11]} Kc7
{[%clk 0:28:37]} 52. h5 {[%clk 0:13:31]} Rh4 {[%clk 0:29:03]} 53. h6
{[%clk 0:13:50]} Kb7 {[%clk 0:29:25]} 54. h7 {[%clk 0:14:04]} Rh2
{[%clk 0:29:49]} 55. Rd8 {[%clk 0:14:26]} Rxh7 {[%clk 0:30:10]} 56. Rxd6
{[%clk 0:14:49]} Rh2 {[%clk 0:30:28]} 57. b4 {[%clk 0:14:51]} Kc7
{[%clk 0:30:31]} 58. Rg6 {[%clk 0:15:14]} Kb7 {[%clk 0:30:52]} 59. Kb3
{[%clk 0:15:37]} Rh1 {[%clk 0:31:13]} 60. c4 {[%clk 0:15:29]} Ra1
{[%clk 0:30:52]} 61. c5 {[%clk 0:15:15]} Kc7 {[%clk 0:30:43]} 62. Kc4
{[%clk 0:15:35]} Rc1+ {[%clk 0:30:55]} 63. Kb5 {[%clk 0:15:59]} Rb1
{[%clk 0:31:18]} 64. Rg7+ {[%clk 0:16:23]} Kb8 {[%clk 0:31:26]} 65. Ka5
{[%clk 0:16:38]} Kc8 {[%clk 0:31:06]} 66. b5 {[%clk 0:16:52]} Rd1
{[%clk 0:30:24]} 67. Kb6 {[%clk 0:17:05]} Rd8 {[%clk 0:30:22]} 68. c6
{[%clk 0:17:22]} Rh8 {[%clk 0:30:17]} 69. Ra7 {[%clk 0:17:44]} Rh4
{[%clk 0:30:23]} 70. Ra8# 1-0

[Event "MP do lat 18 - dziewczeta"]
[Site "Sypniewo"]
[Date "2022.03.21"]
[Round "3.7"]
[White "Bienko, Jagoda"]
[Black "Hertlein, Irena"]
[Result "0-1"]
[BlackElo "1925"]
[WhiteElo "1551"]
[LiveChessVersion "1.4.8"]

1. d4 {[%clk 1:30:57]} Nf6 {[%clk 1:30:37]} 2. c4 {[%clk 1:31:18]} e6
{[%clk 1:30:53]} 3. Nf3 {[%clk 1:31:36]} b6 {[%clk 1:30:43]} 4. g3
{[%clk 1:30:59]} Bb7 {[%clk 1:29:52]} 5. Bg2 {[%clk 1:31:22]} c6 {[%clk 1:28:44]}
6. O-O {[%clk 1:30:57]} Be7 {[%clk 1:26:49]} 7. b3 {[%clk 1:30:54]} O-O
{[%clk 1:26:10]} 8. Nc3 {[%clk 1:30:01]} d5 {[%clk 1:26:14]} 9. Bb2
{[%clk 1:27:59]} Nbd7 {[%clk 1:14:44]} 10. e3 {[%clk 1:20:16]} Rc8
{[%clk 1:09:18]} 11. Rc1 {[%clk 1:19:20]} dxc4 {[%clk 0:59:45]} 12. bxc4
{[%clk 1:19:16]} c5 {[%clk 1:00:07]} 13. Nd2 {[%clk 1:15:16]} Bxg2
{[%clk 0:58:34]} 14. Kxg2 {[%clk 1:15:38]} cxd4 {[%clk 0:58:56]} 15. exd4
{[%clk 1:15:57]} Nb8 {[%clk 0:53:23]} 16. Nce4 {[%clk 1:13:06]} Nc6
{[%clk 0:46:34]} 17. Nxf6+ {[%clk 1:12:31]} Bxf6 {[%clk 0:47:03]} 18. Nf3
{[%clk 1:12:31]} Qd7 {[%clk 0:45:23]} 19. Qd2 {[%clk 1:04:50]} Rfd8
{[%clk 0:45:09]} 20. Rfd1 {[%clk 1:04:59]} Na5 {[%clk 0:41:35]} 21. Qb4
{[%clk 0:58:04]} Be7 {[%clk 0:34:07]} 22. c5 {[%clk 0:49:42]} Nb7
{[%clk 0:31:09]} 23. Qc3 {[%clk 0:42:14]} Qd5 {[%clk 0:25:46]} 24. a3
{[%clk 0:29:58]} Bf8 {[%clk 0:21:55]} 25. Qb4 {[%clk 0:24:56]} Qc6
{[%clk 0:19:56]} 26. Qc3 {[%clk 0:15:49]} bxc5 {[%clk 0:19:36]} 27. Kg1
{[%clk 0:14:37]} c4 {[%clk 0:16:17]} 28. Ne5 {[%clk 0:13:54]} Qd5
{[%clk 0:16:29]} 29. Rc2 {[%clk 0:10:23]} Nd6 {[%clk 0:15:39]} 30. Qe3
{[%clk 0:07:49]} Rb8 {[%clk 0:12:08]} 31. Rdc1 {[%clk 0:06:29]} Rb3
{[%clk 0:09:18]} 32. Qe2 {[%clk 0:06:08]} Rdb8 {[%clk 0:07:00]} 33. Nd7
{[%clk 0:05:01]} Rd8 {[%clk 0:06:41]} 34. Nxf8 {[%clk 0:03:32]} Rxf8
{[%clk 0:06:55]} 35. Bc3 {[%clk 0:03:28]} a5 {[%clk 0:02:35]} 36. a4
{[%clk 0:01:57]} Ne4 {[%clk 0:02:06]} 37. Bxa5 {[%clk 0:01:05]} Ng5
{[%clk 0:01:47]} 38. Qxc4 {[%clk 0:00:59]} Nh3+ {[%clk 0:00:33]} 39. Kf1
{[%clk 0:01:21]} Qh1+ {[%clk 0:00:45]} 40. Ke2 {[%clk 0:31:31]} Qf3+
{[%clk 0:30:51]} 41. Ke1 {[%clk 0:29:06]} Ng5 {[%clk 0:21:16]} 42. Rc3
{[%clk 0:18:08]} Qe4+ {[%clk 0:18:38]} 43. Kd1 {[%clk 0:16:47]} Rb2
{[%clk 0:14:16]} 44. R3c2 {[%clk 0:15:23]} Qh1+ {[%clk 0:10:55]} 45. Be1
{[%clk 0:14:44]} Qf3+ {[%clk 0:10:06]} 46. Qe2 {[%clk 0:14:54]} Qb3
{[%clk 0:09:51]} 47. Qe3 {[%clk 0:11:46]} Nf3 {[%clk 0:09:31]} 48. h4
{[%clk 0:06:22]} h6 {[%clk 0:07:01]} 49. Bc3 {[%clk 0:03:38]} Rxc2
{[%clk 0:07:08]} 50. Rxc2 {[%clk 0:04:03]} Nh2 {[%clk 0:07:14]} 51. a5
{[%clk 0:04:03]} Ng4 {[%clk 0:07:05]} 52. Qf3 {[%clk 0:03:48]} Nf6
{[%clk 0:07:23]} 53. Qd3 {[%clk 0:02:19]} Nd5 {[%clk 0:07:19]} 54. Kd2
{[%clk 0:01:54]} Qa4 {[%clk 0:07:06]} 55. Rc1 {[%clk 0:01:45]} Rc8
{[%clk 0:05:33]} 56. Ra1 {[%clk 0:00:47]} Qb3 {[%clk 0:05:31]} 57. Rc1
{[%clk 0:00:52]} Nb4 {[%clk 0:02:10]} 58. Qf3 {[%clk 0:00:52]} Qa2+
{[%clk 0:01:50]} 59. Ke1 {[%clk 0:00:48]} Nd5 {[%clk 0:01:16]} 60. Ra1
{[%clk 0:00:38]} Qb3 {[%clk 0:00:46]} 61. Rc1 {[%clk 0:00:32]} Rxc3
{[%clk 0:00:42]} 62. Rxc3 {[%clk 0:00:41]} Qxc3+ {[%clk 0:00:46]} 63. Qxc3
{[%clk 0:01:05]} Nxc3 {[%clk 0:01:15]} 64. Kd2 {[%clk 0:01:24]} Nd5
{[%clk 0:00:45]} 65. Kd3 {[%clk 0:01:38]} Kf8 {[%clk 0:01:09]} 66. Kc4
{[%clk 0:01:59]} Ke7 {[%clk 0:01:34]} 67. Kc5 {[%clk 0:01:15]} Kd7
{[%clk 0:01:51]} 68. f4 {[%clk 0:01:03]} g6 {[%clk 0:00:37]} 69. a6
{[%clk 0:01:00]} Kc7 {[%clk 0:00:44]} 70. a7 {[%clk 0:01:12]} Nb6
{[%clk 0:00:39]} 71. g4 {[%clk 0:01:10]} h5 {[%clk 0:00:34]} 72. gxh5
{[%clk 0:01:17]} gxh5 {[%clk 0:01:03]} 73. d5 {[%clk 0:01:33]} exd5
{[%clk 0:00:57]} 74. a8=Q {[%clk 0:01:47]} Nxa8 {[%clk 0:01:26]} 75. Kxd5
{[%clk 0:02:07]} Kd7 {[%clk 0:01:16]} 76. Ke5 {[%clk 0:02:29]} Ke7
{[%clk 0:01:08]} 77. Kf5 {[%clk 0:02:53]} Nc7 {[%clk 0:01:08]} 78. Kg5
{[%clk 0:02:56]} Ne6+ 79. Kxh5 {[%clk 0:01:49]} Nxf4+ {[%clk 0:03:33]} 80. Kg5
{[%clk 0:01:25]} Ng6 {[%clk 0:01:53]} 81. h5 {[%clk 0:01:23]} Nh8
{[%clk 0:02:05]} 82. Kh6 {[%clk 0:01:20]} f5 {[%clk 0:02:02]} 0-1

[Event "MP do lat 18 - dziewczeta"]
[Site "Sypniewo"]
[Date "2022.03.21"]
[Round "3.8"]
[White "Adamczyk, Zuzanna"]
[Black "Libura, Julianna"]
[Result "1-0"]
[BlackElo "1590"]
[WhiteElo "1889"]
[LiveChessVersion "1.4.8"]

1. e4 {[%clk 1:30:51]} c5 {[%clk 1:28:36]} 2. Nf3 {[%clk 1:31:13]} d6
{[%clk 1:28:39]} 3. d4 {[%clk 1:31:17]} cxd4 {[%clk 1:29:03]} 4. Nxd4
{[%clk 1:31:34]} a6 {[%clk 1:27:28]} 5. Nc3 {[%clk 1:31:07]} Nf6 {[%clk 1:27:16]}
6. Be2 {[%clk 1:30:35]} e6 {[%clk 1:26:49]} 7. O-O {[%clk 1:27:33]} Be7
{[%clk 1:27:07]} 8. Kh1 {[%clk 1:27:22]} Qc7 {[%clk 1:26:36]} 9. f4
{[%clk 1:25:58]} Nc6 {[%clk 1:20:44]} 10. Be3 {[%clk 1:20:47]} Bd7
{[%clk 1:14:52]} 11. Nxc6 {[%clk 1:03:51]} Bxc6 {[%clk 1:11:03]} 12. Bf3
{[%clk 1:03:09]} O-O {[%clk 0:53:47]} 13. a4 {[%clk 0:58:33]} b5 {[%clk 0:47:41]}
14. e5 {[%clk 0:27:26]} Nd7 {[%clk 0:37:00]} 15. exd6 {[%clk 0:18:56]} Bxd6
{[%clk 0:35:09]} 16. axb5 {[%clk 0:18:42]} axb5 {[%clk 0:33:52]} 17. Nxb5
{[%clk 0:16:31]} Bxb5 {[%clk 0:33:35]} 18. Bxa8 {[%clk 0:16:08]} Bxf1
{[%clk 0:33:28]} 19. Ra7 {[%clk 0:14:29]} Qb8 {[%clk 0:28:01]} 20. Qxf1
{[%clk 0:09:55]} Nb6 {[%clk 0:23:23]} 21. Rb7 {[%clk 0:06:22]} Qxa8
{[%clk 0:23:29]} 22. Rxb6 {[%clk 0:06:48]} Bc7 {[%clk 0:23:30]} 23. Rb3
{[%clk 0:05:42]} Rd8 {[%clk 0:23:01]} 24. Rc3 {[%clk 0:04:24]} Qb8
{[%clk 0:21:46]} 25. h3 {[%clk 0:03:56]} h6 {[%clk 0:20:58]} 26. Rb3
{[%clk 0:04:02]} Qa8 {[%clk 0:20:56]} 27. Ra3 {[%clk 0:03:18]} Qe4
{[%clk 0:20:23]} 28. Rd3 {[%clk 0:02:47]} Ra8 {[%clk 0:18:11]} 29. Qf3
{[%clk 0:01:36]} Ra1+ {[%clk 0:16:20]} 30. Kh2 {[%clk 0:02:01]} Qf5
{[%clk 0:10:51]} 31. Rc3 {[%clk 0:02:02]} Bd6 {[%clk 0:08:52]} 32. Rc8+
{[%clk 0:01:45]} Kh7 {[%clk 0:09:09]} 33. Rc6 {[%clk 0:02:03]} Bb8
{[%clk 0:05:48]} 34. Rc4 {[%clk 0:01:47]} Ra2 {[%clk 0:03:32]} 35. Bc1
{[%clk 0:01:14]} Ra1 {[%clk 0:02:49]} 36. Bd2 {[%clk 0:01:28]} g5
{[%clk 0:01:31]} 37. g4 {[%clk 0:00:45]} Qg6 {[%clk 0:01:40]} 38. Qe4
{[%clk 0:00:40]} Qxe4 {[%clk 0:00:50]} 39. Rxe4 {[%clk 0:01:05]} Rd1
{[%clk 0:01:01]} 40. Re2 {[%clk 0:30:48]} gxf4 {[%clk 0:31:15]} 41. Kg2
{[%clk 0:30:27]} Kg6 {[%clk 0:29:49]} 42. c4 {[%clk 0:18:39]} e5 {[%clk 0:25:06]}
43. Bc3 {[%clk 0:13:30]} f6 {[%clk 0:19:10]} 44. c5 {[%clk 0:07:42]} Rd3
{[%clk 0:14:38]} 45. Re4 {[%clk 0:06:45]} Rg3+ {[%clk 0:09:27]} 46. Kh2
{[%clk 0:06:23]} Ba7 {[%clk 0:07:00]} 47. Rc4 {[%clk 0:04:18]} e4
{[%clk 0:02:19]} 48. Rxe4 {[%clk 0:03:01]} Re3 {[%clk 0:02:05]} 49. Rxe3
{[%clk 0:02:12]} fxe3 {[%clk 0:02:34]} 50. b4 {[%clk 0:02:19]} f5
{[%clk 0:02:52]} 51. Kg3 {[%clk 0:01:22]} fxg4 {[%clk 0:03:13]} 52. Kxg4
{[%clk 0:01:17]} h5+ {[%clk 0:03:18]} 53. Kf3 {[%clk 0:01:35]} Kg5
{[%clk 0:03:31]} 54. Be1 {[%clk 0:01:25]} Kf5 {[%clk 0:03:53]} 55. Kxe3
{[%clk 0:01:44]} 1-0

[Event "MP do lat 18 - dziewczeta"]
[Site "Sypniewo"]
[Date "2022.03.21"]
[Round "3.9"]
[White "Lukasik, Zuzanna"]
[Black "Wawrzyniak, Weronika"]
[Result "1/2-1/2"]
[BlackElo "1493"]
[WhiteElo "1786"]
[LiveChessVersion "1.4.8"]

1. e4 {[%clk 1:30:57]} c5 {[%clk 1:30:40]} 2. Nf3 {[%clk 1:30:58]} Nc6
{[%clk 1:31:01]} 3. d4 {[%clk 1:30:25]} cxd4 {[%clk 1:31:24]} 4. Nxd4
{[%clk 1:30:45]} Qb6 {[%clk 1:31:39]} 5. Nb3 {[%clk 1:22:21]} Nf6
{[%clk 1:30:49]} 6. Nc3 {[%clk 1:22:12]} e6 {[%clk 1:29:02]} 7. Be3
{[%clk 1:18:39]} Qc7 {[%clk 1:29:09]} 8. a3 {[%clk 1:15:14]} a6 {[%clk 1:28:30]}
9. g3 {[%clk 1:13:00]} Be7 {[%clk 1:25:38]} 10. Bg2 {[%clk 1:11:38]} O-O
{[%clk 1:22:53]} 11. O-O {[%clk 1:11:21]} Rb8 {[%clk 1:21:55]} 12. f4
{[%clk 1:03:24]} d6 {[%clk 1:17:43]} 13. Bf3 {[%clk 0:54:19]} b5 {[%clk 1:09:25]}
14. Ne2 {[%clk 0:51:05]} Rd8 {[%clk 1:04:27]} 15. c3 {[%clk 0:47:58]} Bb7
{[%clk 0:57:03]} 16. Rc1 {[%clk 0:43:48]} d5 {[%clk 0:45:49]} 17. e5
{[%clk 0:41:54]} Ne4 {[%clk 0:45:50]} 18. Qc2 {[%clk 0:38:40]} Na5
{[%clk 0:40:24]} 19. Nxa5 {[%clk 0:38:18]} Qxa5 {[%clk 0:40:52]} 20. Rfd1
{[%clk 0:28:47]} Qc7 {[%clk 0:36:37]} 21. Bxe4 {[%clk 0:28:54]} dxe4
{[%clk 0:36:54]} 22. Rxd8+ {[%clk 0:23:26]} Rxd8 {[%clk 0:37:15]} 23. Rd1
{[%clk 0:22:42]} Bd5 {[%clk 0:31:56]} 24. Nd4 {[%clk 0:14:26]} Rc8
{[%clk 0:23:22]} 25. Rc1 {[%clk 0:13:23]} h6 {[%clk 0:17:00]} 26. a4
{[%clk 0:07:38]} b4 {[%clk 0:14:06]} 27. cxb4 {[%clk 0:06:37]} Qxc2
{[%clk 0:14:28]} 28. Rxc2 {[%clk 0:06:10]} Rxc2 {[%clk 0:14:54]} 29. Nxc2
{[%clk 0:06:32]} Bb3 {[%clk 0:15:12]} 30. Nd4 {[%clk 0:04:12]} Bxa4
{[%clk 0:15:32]} 31. b3 {[%clk 0:04:12]} Bd7 {[%clk 0:15:48]} 32. Nc2
{[%clk 0:03:46]} f5 {[%clk 0:13:27]} 33. Kf2 {[%clk 0:02:41]} Kf7
{[%clk 0:07:31]} 34. Bc5 {[%clk 0:02:49]} Bc6 {[%clk 0:06:00]} 35. Ne3
{[%clk 0:02:06]} Bb5 {[%clk 0:05:41]} 36. Ke1 {[%clk 0:01:47]} g5
{[%clk 0:05:30]} 37. Kd2 {[%clk 0:01:30]} gxf4 {[%clk 0:04:31]} 38. gxf4
{[%clk 0:01:54]} Bd8 {[%clk 0:01:13]} 39. Nc2 {[%clk 0:01:14]} Kg6
{[%clk 0:01:27]} 40. Nd4 {[%clk 0:31:20]} Bd7 {[%clk 0:31:41]} 41. Kc3
{[%clk 0:27:02]} Kh5 {[%clk 0:26:51]} 42. Bf8 {[%clk 0:25:46]} Bb6
{[%clk 0:26:06]} 43. Bc5 {[%clk 0:25:57]} Bd8 {[%clk 0:26:06]} 44. Bf8
{[%clk 0:26:20]} 1/2-1/2

[Event "MP do lat 18 - dziewczeta"]
[Site "Sypniewo"]
[Date "2022.03.21"]
[Round "3.10"]
[White "Matyjasek, Michalina"]
[Black "Bugaj, Hanna"]
[Result "0-1"]
[BlackElo "1782"]
[WhiteElo "1435"]
[LiveChessVersion "1.4.8"]

1. d4 {[%clk 1:30:57]} d5 {[%clk 1:30:53]} 2. c4 {[%clk 1:31:22]} e6
{[%clk 1:31:12]} 3. Nc3 {[%clk 1:31:46]} c5 {[%clk 1:31:30]} 4. cxd5
{[%clk 1:30:04]} exd5 {[%clk 1:31:54]} 5. Nf3 {[%clk 1:27:55]} Nc6
{[%clk 1:32:00]} 6. e3 {[%clk 1:26:43]} Nf6 {[%clk 1:31:49]} 7. Be2
{[%clk 1:25:19]} Bd6 {[%clk 1:30:33]} 8. O-O {[%clk 1:23:40]} O-O
{[%clk 1:30:21]} 9. b3 {[%clk 1:21:50]} cxd4 {[%clk 1:23:33]} 10. Nxd4
{[%clk 1:19:03]} a6 {[%clk 1:11:05]} 11. Bb2 {[%clk 1:13:48]} Qc7
{[%clk 1:08:55]} 12. h3 {[%clk 1:08:51]} Be6 {[%clk 0:49:56]} 13. Rc1
{[%clk 1:03:43]} Qe7 {[%clk 0:48:28]} 14. Bf3 {[%clk 0:54:33]} Qd7
{[%clk 0:33:27]} 15. h4 {[%clk 0:36:56]} Ne5 {[%clk 0:29:27]} 16. Qd2
{[%clk 0:27:36]} Rac8 {[%clk 0:18:13]} 17. Rfd1 {[%clk 0:20:43]} Rfd8
{[%clk 0:14:46]} 18. Qe2 {[%clk 0:12:06]} Nxf3+ {[%clk 0:09:29]} 19. Nxf3
{[%clk 0:12:17]} Qe7 {[%clk 0:09:30]} 20. Nd4 {[%clk 0:05:43]} Bb8
{[%clk 0:04:48]} 21. Rd2 {[%clk 0:02:59]} Qd6 {[%clk 0:04:48]} 22. Nf3
{[%clk 0:02:37]} Bg4 {[%clk 0:04:50]} 23. g3 {[%clk 0:02:57]} Nh5
{[%clk 0:02:37]} 24. Kg2 {[%clk 0:02:45]} Nxg3 {[%clk 0:02:41]} 25. Qd1
{[%clk 0:01:59]} Nf5 {[%clk 0:02:11]} 26. Qh1 {[%clk 0:01:17]} Nxe3+
{[%clk 0:01:27]} 27. fxe3 {[%clk 0:01:02]} Qg3+ {[%clk 0:01:50]} 28. Kf1
{[%clk 0:01:28]} Bxf3 {[%clk 0:01:27]} 29. Qg1 {[%clk 0:01:13]} Qh3+
{[%clk 0:01:08]} 30. Kf2 {[%clk 0:01:26]} d4 {[%clk 0:00:35]} 31. exd4
{[%clk 0:00:57]} Bf4 {[%clk 0:00:46]} 32. Rd3 {[%clk 0:00:46]} Bxc1
{[%clk 0:00:42]} 33. Rxf3 {[%clk 0:00:57]} Qxh4+ {[%clk 0:01:07]} 34. Kf1
{[%clk 0:00:45]} Bxb2 {[%clk 0:01:28]} 35. Qe3 {[%clk 0:00:34]} Rxc3
{[%clk 0:01:39]} 36. Qe2 {[%clk 0:00:56]} Qh1+ {[%clk 0:01:50]} 37. Kf2
{[%clk 0:01:20]} Qxf3+ {[%clk 0:02:09]} 38. Qxf3 {[%clk 0:01:47]} Rxf3+
{[%clk 0:02:33]} 39. Kxf3 {[%clk 0:02:02]} Rxd4 {[%clk 0:02:59]} 0-1